The Epic of Ram : (Record no. 102235)

MARC details
000 -LEADER
fixed length control field 00958nam a22002297a 4500
005 - DATE AND TIME OF LATEST TRANSACTION
control field 20170731112449.0
010 ## - LCCN (DPL NO)
LC control number 1617EN ENG-117099
020 ## - INTERNATIONAL STANDARD BOOK NUMBER
International Standard Book Number 9780674495272 (v.2)
Terms of availability 295.00
035 ## - SYSTEM CONTROL NUMBER
System control number B-649497-508
035 ## - SYSTEM CONTROL NUMBER
System control number EN-100631
035 ## - SYSTEM CONTROL NUMBER
System control number B-667289
037 ## - SOURCE OF ACQUISITION
Stock number dpl
Source of stock number/acquisition Aakar
082 ## - DEWEY DECIMAL CLASSIFICATION NUMBER
Classification number 230.1
100 ## - MAIN ENTRY--PERSONAL NAME
Personal name Tulsidas
245 ## - TITLE STATEMENT
Title The Epic of Ram :
Statement of responsibility, etc by Tulsidas, translated by Philip Lutgendorf
Remainder of title volume-2 /
260 ## - PUBLICATION, DISTRIBUTION, ETC. (IMPRINT)
Place of publication, distribution, etc London
Name of publisher, distributor, etc Murty Classical Library of India
Date of publication, distribution, etc 2016
300 ## - PHYSICAL DESCRIPTION
Extent xviii,388p. :
Dimensions 19cm(pbk)
700 ## - ADDED ENTRY--PERSONAL NAME
Personal name Lutgendorf, Philip
942 ## - ADDED ENTRY ELEMENTS (KOHA)
Source of classification or shelving scheme Dewey Decimal Classification
Item type English Books
Classification part 230.1
Call number suffix TUL
Holdings
Withdrawn status Lost status Not for loan Collection code Home library Current library Date acquired Source of acquisition Cost, normal purchase price Full call number Barcode Copy number Cost, replacement price Koha item type
      Non-fiction Ashok Vihar Ashok Vihar 31/07/2017 BPPD/EN/2016-17/AV/16-17/451/15.2.2017/I-3323/1.3.2017/ 17.3.2017 295.00 230.1 TUL B-667289 1 295.00 English Books
    Not For Loan Non-fiction D.B.Act.Division Bawana 17/01/2017 DBAD/PUB 295.00 230.1 TUL EN-100631 1 295.00 English Books
      Non-fiction Bawana Bawana 06/03/2017 BPPD/EN/2016-17/285/24.11.2016/I-2590/8.12.2016/2.1.2017 295.00 230.1 TUL B-649506 1 295.00 English Books
      Non-fiction Central Jail Tihar Central Jail Tihar 06/03/2017 BPPD/EN/2016-17/285/24.11.2016/I-2590/8.12.2016/2.1.2017 295.00 230.1 TUL B-649502 1 295.00 English Books
      Non-fiction Central Library Central Library 06/03/2017 BPPD/EN/2016-17/285/24.11.2016/I-2590/8.12.2016/2.1.2017 295.00 230.1 TUL B-649497 1 295.00 English Books
      Non-fiction Diz Area Diz Area 06/03/2017 BPPD/EN/2016-17/285/24.11.2016/I-2590/8.12.2016/2.1.2017 295.00 230.1 TUL B-649501 1 295.00 English Books
      Non-fiction Kasturba Gandhi Marg Kasturba Gandhi Marg 06/03/2017 BPPD/EN/2016-17/285/24.11.2016/I-2590/8.12.2016/2.1.2017 295.00 230.1 TUL B-649499 1 295.00 English Books
      Non-fiction Narela Narela 06/03/2017 BPPD/EN/2016-17/285/24.11.2016/I-2590/8.12.2016/2.1.2017 295.00 230.1 TUL B-649505 1 295.00 English Books
      Non-fiction Patel Nagar Patel Nagar 06/03/2017 BPPD/EN/2016-17/285/24.11.2016/I-2590/8.12.2016/2.1.2017 295.00 230.1 TUL B-649498 1 295.00 English Books
      Non-fiction Peshwa Road Peshwa Road 06/03/2017 BPPD/EN/2016-17/285/24.11.2016/I-2590/8.12.2016/2.1.2017 295.00 230.1 TUL B-649500 1 295.00 English Books
      Non-fiction Sarojini Nagar Sarojini Nagar 06/03/2017 BPPD/EN/2016-17/285/24.11.2016/I-2590/8.12.2016/2.1.2017 295.00 230.1 TUL B-649503 1 295.00 English Books
      Non-fiction Sarojini Nagar Sarojini Nagar 06/03/2017 BPPD/EN/2016-17/285/24.11.2016/I-2590/8.12.2016/2.1.2017 295.00 230.1 TUL B-649504 1 295.00 English Books
      Non-fiction Sarojini Nagar Sarojini Nagar 13/05/2019     230.1 TUL A-903188     English Books
      Non-fiction Shahdara Branch Shahdara Branch 06/03/2017 BPPD/EN/2016-17/285/24.11.2016/I-2590/8.12.2016/2.1.2017 295.00 230.1 TUL B-649507 1 295.00 English Books
      Non-fiction Yojana Vihar Yojana Vihar 06/03/2017 BPPD/EN/2016-17/285/24.11.2016/I-2590/8.12.2016/2.1.2017 295.00 230.1 TUL B-649508 1 295.00 English Books

© Delhi Public Library
Hit Counter
free hit counter